<?xml version="1.0" encoding="UTF-8"?>
<record
    xmlns:xsi="http://www.w3.org/2001/XMLSchema-instance"
    xsi:schemaLocation="http://www.loc.gov/MARC21/slim http://www.loc.gov/standards/marcxml/schema/MARC21slim.xsd"
    xmlns="http://www.loc.gov/MARC21/slim">

  <leader>01009cam a2200193 a 4500</leader>
  <controlfield tag="001">000001645</controlfield>
  <controlfield tag="005">20200929145640.0</controlfield>
  <controlfield tag="008">840608s1974    xxud          000 0 spa d</controlfield>
  <datafield tag="040" ind1=" " ind2=" ">
    <subfield code="a">DO-SdBNP</subfield>
    <subfield code="b">spa</subfield>
    <subfield code="c">BNPHU</subfield>
  </datafield>
  <datafield tag="082" ind1=" " ind2=" ">
    <subfield code="a">512.922</subfield>
    <subfield code="b">A425t</subfield>
  </datafield>
  <datafield tag="100" ind1="1" ind2=" ">
    <subfield code="a">Allen, Edward Switzer,</subfield>
    <subfield code="d">1887-</subfield>
    <subfield code="9">5367</subfield>
  </datafield>
  <datafield tag="245" ind1="1" ind2="0">
    <subfield code="a">Tablas matem&#xE1;ticas con seis decimales /</subfield>
    <subfield code="c">Allen, Baldor.</subfield>
  </datafield>
  <datafield tag="260" ind1=" " ind2=" ">
    <subfield code="a">[Nueva York] :</subfield>
    <subfield code="b">[Minerva Books],</subfield>
    <subfield code="c">[1974].</subfield>
  </datafield>
  <datafield tag="300" ind1=" " ind2=" ">
    <subfield code="a">239 p. :</subfield>
    <subfield code="b">il., tablas ;</subfield>
    <subfield code="c">19 cm.</subfield>
  </datafield>
  <datafield tag="500" ind1=" " ind2=" ">
    <subfield code="a">Tablas de cuadrados, cubos, ra&#xED;ces cuadradas, ra&#xED;ces c&#xFA;bicas, potencias y ra&#xED;ces quintas, circunferencias y &#xE1;reas de c&#xED;rculos, logaritmos comunes de los n&#xFA;meros y de las funciones trigonom&#xE9;tricas, funciones trigonom&#xE9;tricas naturales, logaritmos naturales, exponenciales y funciones hiperb&#xF3;licas, tablas para el c&#xE1;lculo de errores, curvas y superficies, integrales el&#xED;pticas e integrales y constantes m&#xE1;s usuales.</subfield>
  </datafield>
  <datafield tag="650" ind1=" " ind2="4">
    <subfield code="a">Tablas matem&#xE1;ticas</subfield>
    <subfield code="9">5368</subfield>
  </datafield>
  <datafield tag="650" ind1=" " ind2="4">
    <subfield code="a">Logaritmos</subfield>
    <subfield code="9">5369</subfield>
  </datafield>
  <datafield tag="700" ind1="1" ind2=" ">
    <subfield code="a">Baldor, F. J.</subfield>
    <subfield code="9">5370</subfield>
  </datafield>
  <datafield tag="952" ind1=" " ind2=" ">
    <subfield code="0">0</subfield>
    <subfield code="1">0</subfield>
    <subfield code="5">0</subfield>
    <subfield code="7">1</subfield>
    <subfield code="8">MO</subfield>
    <subfield code="a">GR</subfield>
    <subfield code="b">GR</subfield>
    <subfield code="c">HD</subfield>
    <subfield code="d">2009-09-22</subfield>
    <subfield code="i">LF1</subfield>
    <subfield code="l">0</subfield>
    <subfield code="o">512.922 A425t</subfield>
    <subfield code="p">1645-10</subfield>
    <subfield code="r">2020-06-25</subfield>
    <subfield code="w">2020-06-25</subfield>
    <subfield code="y">1</subfield>
    <subfield code="Z">No se presta</subfield>
  </datafield>
  <datafield tag="999" ind1=" " ind2=" ">
    <subfield code="c">1532</subfield>
    <subfield code="d">1532</subfield>
  </datafield>
</record>
